00717nam a2200241Ia 4500001001000000003000500010008004100015010001100056040000900067082001400076100001400090245007500104260004000179300000700219500005400226650003000280650002600310650002900336650002800365650002600393650003100419650002500450Para_1526CHAP220125s1992 xx 000 0 und d a198891 cCHAP aPA 634 K8 aKumar, J. aPlant diseases of international importance /c by I. Kumar; [et. al.] aEnglewood Cliffs :b Prentice Hall av. aLa biblioteca tiene: v.3. Deseases of fruit crops aCitricos x enfermedades  aMango x enfermedades aManzana x enfermedades  aPapaya x enfermedades  aPera x enfermedades  aPlátano x enfermedades  aUva x enfermedades